000 00463nam a22001817a 4500
003 NUST - PNEC
005 20170116180902.0
008 150901b xxu||||| |||| 00| 0 eng d
020 _a0-07-Y85381-9
040 _cLIBRARY
082 _a537 KIP
100 _96383
_aKip, Arthur F.
245 _aFundamentals of electricity and magnetism
_cArthur F. Kip
250 _a2nd
260 _cc1969.
650 _96388
_aElectrical Engineering
_xEE
942 _2ddc
_cBK
999 _c64984
_d64984